• 首页
  • 本馆介绍
  • 公告通知
  • 最新文献
  • 馆藏检索
  • 电子资源
  • 读者导购
  • 参考咨询
  • 我的图书馆
  • 登录
  • 详细信息显示
  • 放入我的书架
  • 预约/预借图书
  • 作者相关作品
  • 分类相关作品
  • 丛书相关作品
  • 出版社相关作品

书目信息

  • 表格格式
  • 工作单格式
  • 卡片格式
题名:
中国近代经济简史
    
 
作者: 陈绍闻 , 郭庠林 主编
分册:  
出版信息: 上海   上海人民出版社  1983
页数: 330页
开本: 19cm
丛书名:
单 册:
中图分类: F129.6
科图分类:
主题词: 经济--中国
电子资源:
ISBN:
000 00685nam0 2200253 45
001 0183002820
005 20040425084338.9
010    @dCNY0.88
091    @a4074.522
100    @a19950610d1983 em y0chiy0121 ea
101 0  @achi
102    @aCN@b310000
105    @ay z 000yy
106    @ar
200 10 @a中国近代经济简史@Azhong guo jin dai jing ji jian shi@f陈绍闻,郭庠林主编
210    @a上海@c上海人民出版社@d1983
215    @a330页@d19cm
606 0  @a经济@x中国
690    @aF129.6
701  0 @a陈绍闻@Achen shao wen@4主编
701  0 @a郭庠林@Aguo xiang lin@4主编
801  0 @aCN@b上海图书馆@c20040425
801  2 @aCN@bNLC@c20040425
905    @f1@b102649@dF129.6@e10
    
    中国近代经济简史/陈绍闻,郭庠林主编.-上海:上海人民出版社,1983
    330页;19cm
    
    
    ISBN :CNY0.88
    
●
相关链接 在E读中查询图书 在五车中查询图书 在当当中查询图书 在豆瓣中查询图书


正题名:中国近代经济简史     索取号:F129.6/10         预约/预借

序号 登录号 条形码 馆藏地/架位号 状态 备注
1 0102649   000200927   第一借阅区/ [索取号:F129.6/10] 在馆    
2 0102650   000200918   第一样本阅览室/ [索取号:F129.6/10] 在馆    
唐山师范学院图书馆 欢迎您!
大连网信软件有限公司© 版权所有